000 00684nam a2200289Ia 4500
005 20260324145534.0
008 008 260324s9999 xx 000 0 eng d
020 _a9781315158143
037 _aEBOOK
040 _aCRL
040 _beng
040 _cCRL
041 _2eng
041 _aeng
084 _qCRL
100 _aMaurice Craft
_91209446
245 0 _aTeaching in a Multicultural Society
245 4 _bThe Task for Teacher Education
260 _bTaylor and Francis
260 _c1981
365 _a
365 _b130
856 _uhttp://www.taylorfrancis.com/books/9781315158143
942 _cEBOOK
999 _c1831368
_d1831368